|
|
|
|
| LEADER |
00000cas a2200000 c 4500 |
| 001 |
13017582X |
| 003 |
DE-627 |
| 005 |
20260207123241.0 |
| 007 |
tu |
| 008 |
931116d19762002gw z| m| 0 |0ger c |
| 015 |
|
|
|a 08,A28,0488
|2 dnb
|
| 016 |
7 |
|
|a 012787116
|2 DE-101
|
| 016 |
7 |
|
|a 522735-5
|2 DE-600
|
| 022 |
|
|
|a 0343-0413
|
| 035 |
|
|
|a (DE-627)13017582X
|
| 035 |
|
|
|a (DE-576)01572042X
|
| 035 |
|
|
|a (DE-599)ZDB522735-5
|
| 035 |
|
|
|a (OCoLC)1367778081
|
| 035 |
|
|
|a (OCoLC)263601409
|
| 035 |
|
|
|a (DE-615)00261424
|
| 040 |
|
|
|a DE-627
|b ger
|c DE-627
|e rakwb
|
| 041 |
|
|
|a ger
|a und
|
| 044 |
|
|
|c XA-DE
|
| 082 |
0 |
4 |
|a 330
|a 300
|q DE-101
|
| 082 |
0 |
4 |
|a 330
|q DE-600
|
| 084 |
|
|
|a 83.30
|2 bkl
|
| 245 |
0 |
0 |
|a Beiträge zur Wirtschafts- und Sozialpolitik
|c Institut der Deutschen Wirtschaft, Köln
|
| 264 |
3 |
1 |
|a Köln
|b Dt. Inst.-Verl.
|c 1976-2002
|
| 336 |
|
|
|a Text
|b txt
|2 rdacontent
|
| 337 |
|
|
|a ohne Hilfsmittel zu benutzen
|b n
|2 rdamedia
|
| 338 |
|
|
|a Band
|b nc
|2 rdacarrier
|
| 362 |
0 |
|
|a 28.1976 - 275.2002
|
| 363 |
0 |
0 |
|a 28
|i 1976
|
| 363 |
1 |
0 |
|a 275
|i 2002
|
| 591 |
|
|
|a HZV!(07-12-07)
|
| 655 |
|
7 |
|a Monografische Reihe
|0 (DE-588)4179998-7
|0 (DE-627)104628669
|0 (DE-576)209995106
|2 gnd-content
|
| 710 |
2 |
|
|a Institut der Deutschen Wirtschaft Köln
|e Herausgebendes Organ
|0 (DE-588)2005057-4
|0 (DE-627)101508476
|0 (DE-576)191606537
|4 isb
|
| 889 |
|
|
|w (DE-603)009655964
|
| 889 |
|
|
|w (DE-627)1876689730
|
| 889 |
|
|
|w (DE-627)823778851
|
| 935 |
|
|
|i sdedup20220929
|
| 936 |
b |
k |
|a 83.30
|j Wirtschaftsentwicklung
|j Wirtschaftsstruktur: Allgemeines
|0 (DE-627)106414976
|
| 936 |
s |
n |
|a q100
|2 mzub
|
| 936 |
s |
n |
|a m200
|2 mzub
|
| 951 |
|
|
|a ST
|
| ELC |
|
|
|b 1
|
| LOK |
|
|
|0 000 xxxxxcx a22 zn 4500
|
| LOK |
|
|
|0 001 248150223X
|
| LOK |
|
|
|0 003 DE-627
|
| LOK |
|
|
|0 004 13017582X
|
| LOK |
|
|
|0 005 20020307000000
|
| LOK |
|
|
|0 008 910416||||||||||||||||ger|||||||
|
| LOK |
|
|
|0 040
|a DE-21
|c DE-627
|d DE-21
|
| LOK |
|
|
|0 852
|a DE-21
|
| LOK |
|
|
|0 852 1
|9 00
|
| LOK |
|
|
|0 935
|a konv
|
| LOK |
|
|
|0 939
|a 16-04-91
|b l01
|
| LOK |
|
|
|0 000 xxxxxcx a22 zn 4500
|
| LOK |
|
|
|0 001 2481502248
|
| LOK |
|
|
|0 003 DE-627
|
| LOK |
|
|
|0 004 13017582X
|
| LOK |
|
|
|0 005 20020309000000
|
| LOK |
|
|
|0 008 950222||||||||||||||||ger|||||||
|
| LOK |
|
|
|0 040
|a DE-21-24
|c DE-627
|d DE-21-24
|
| LOK |
|
|
|0 852
|a DE-21-24
|
| LOK |
|
|
|0 852 1
|m p
|9 00
|
| LOK |
|
|
|0 938
|k p
|
| LOK |
|
|
|0 939
|a 22-02-95
|b l01
|
| LOK |
|
|
|0 000 xxxxxcx a22 zn 4500
|
| LOK |
|
|
|0 001 2481502256
|
| LOK |
|
|
|0 003 DE-627
|
| LOK |
|
|
|0 004 13017582X
|
| LOK |
|
|
|0 005 20020309000000
|
| LOK |
|
|
|0 008 910314||||||||||||||||ger|||||||
|
| LOK |
|
|
|0 040
|a DE-21-19
|c DE-627
|d DE-21-19
|
| LOK |
|
|
|0 852
|a DE-21-19
|
| LOK |
|
|
|0 852 1
|m p
|9 00
|
| LOK |
|
|
|0 938
|k p
|
| LOK |
|
|
|0 939
|a 14-03-91
|b l01
|
| LOK |
|
|
|0 000 xxxxxcx a22 zn 4500
|
| LOK |
|
|
|0 001 2481503015
|
| LOK |
|
|
|0 003 DE-627
|
| LOK |
|
|
|0 004 13017582X
|
| LOK |
|
|
|0 005 20050426000000
|
| LOK |
|
|
|0 008 050426||||||||||||||||ger|||||||
|
| LOK |
|
|
|0 040
|a DE-Frei85
|c DE-627
|d DE-Frei85
|
| LOK |
|
|
|0 852
|a DE-Frei85
|
| LOK |
|
|
|0 852 1
|m p
|9 00
|
| LOK |
|
|
|0 938
|k p
|
| LOK |
|
|
|0 939
|a 26-04-05
|b l01
|
| ORI |
|
|
|a SA-MARC-krimdokb001.raw
|
| SPR |
|
|
|a 1
|t KRI
|